Регионална библиотека "Любен Каравелов" - Русе

Малинче (Запис номер 445254)

MARC детайли
000 -Лидер
Лидер 01115nam a2200313 a 4500
003 - Код на организацията, давaща контролен номер
Код на организацията, даваща контролен номер BLK
005 - Дата и час на последна редакция
Дата и час на последна редакция 20250402135943.0
008 - Елементи от данни с фиксирана дължина
Елементи с фиксирана дължина 220218b bul|||||r ||||||| ||bul||
020 ## - Международен стандартен номер на книга ISBN
ISBN 9789545294457
020 ## - Международен стандартен номер на книга ISBN
ISBN 9545294450
040 ## - Източник на каталожния запис
Код на библиотеката BLK
041 ## - Код за език
Език Български
Език за КДБФ Български
080 ## - УДК
УДК текст Мексиканска литература
УДК код 821.134.2(720)
УДК – определител -31
УДК – код + определител 821.134.2(720)-31
084 ## - Класификационен индекс по друга класификация
Авторски знак Еск - Е 88
100 1# - Редна дума - Автор
Автор Ескивел, Лаура
R(LIN) 67631
245 10 - Сведения за заглавието
Заглавие Малинче
Подзаглавни данни Роман
Авторска отговорност Лаура Ескивел ; прев. от исп. Захари Омайников.
257 ## - Страна на издаване
Страна на създаване/издаване Мексико
260 ## - Област на издателските данни
Място на издаване София
Име на издателя Колибри
Година на издаване 2006
Печатница София : Симолини
300 ## - Физическа характеристика
Брой страници 199 с.
Размер 20 см
380 ## - Жанр
Жанр Худож. лит.
500 ## - Общи забележки
Обща забележка Ориг. загл. La Malinche / Laura Esquivel
700 ## - Други автори (авторска отговорност)
Друг автор Омайников, Захари Стефанов
Авт. отговорност на др. автор прев. от исп.
9 (RLIN) 255110
852 ## - Местоположение
Отдел Заемна - подръчен фонд
Систематично-азбучна сигнатура 821-31/Е 88 Л
856 4# - Електронен адрес и достъп
Електронен формат pdf - файл
856 4# - Електронен адрес и достъп
Електронен формат pdf - файл
942 ## - АРТИКУЛИ
Вид на библиотечния документ Книги
Скрит в OPAC Не
Периодичен библиозапис Да
Koha issues (borrowed), all copies 2
944 ## - СЪЗДАВАНЕ И РЕДАКЦИЯ на ЗАПИСА
Създаване/Редакция Създаване
Дата на регистрацията/редакция 2022-02-18
Служител, извършил регистрацията/редакцията 30531
Номер на служител Цветелина Шанова
999 ## - СИСТЕМНИ КОНТРОЛНИ НОМЕРА
Koha biblionumber 445254
Koha biblioitemnumber 445254
Наличности
Код за отписване Код за изгубен артикул Източник на класификационната схема Код за повреда Коз за рестрикции Код за отдаване Артикулен № Име на библиотеката - собственик Име на библиотеката, в която се намира в момента Статус (Текущо местоположение) Дата на вписване в системата Местоположение - отдел Цена в лева Систематично азбучна сигнатура Баркод Цена в евро Служебен тип на артикула Инвентарен номер
  Не е изгубен Universal Decimal Classification Не е повреден само за читалня ползва се в читалня 872638 Регионална библиотека "Любен Каравелов" Русе Регионална библиотека "Любен Каравелов" Русе Хранилище 2022-02-18 Основен фонд - ползва се само за читалня 10.00 Цб 311305 120000866184 5.11 Книги  
  Не е изгубен Universal Decimal Classification Не е повреден   заемане за дома 942455 Регионална библиотека "Любен Каравелов" Русе Регионална библиотека "Любен Каравелов" Русе Заемна - подръчен фонд 2024-04-18 Заемна - подръчен фонд 10.00 821-31/Е 88 Л 120000901478 5.11 Книги 120000901478
Vip Innovations Ltd, Rousse, Bulgaria 2025